| 000 | 00855cam a2200241 4500 | ||
|---|---|---|---|
| 001 | WB3643-33 | ||
| 008 | 000000n2000 000 0 eng u | ||
| 035 | _a(Sirsi) u109088 | ||
| 245 | _aHA changes procurement | ||
| 260 | _c2000 | ||
| 490 |
_aContract Journal _v1 November 2000, 3(1) |
||
| 520 | _aThe Highways Agency is to speed up delivery of its £22bn 10-year Strategic Roads Plan. The Agency will consult the industry over new-look procurement plans early next year, with the launch of a series of regional and national seminars. | ||
| 590 | _aWB | ||
| 650 | _aROAD BUILDING | ||
| 650 | _aPLANNING | ||
| 650 | _aProcurement-old | ||
| 650 | _aFRAMEWORK CONTRACTS | ||
| 650 | _aDESIGN AND BUILD CONTRACTS | ||
| 650 | _aPUBLIC PRIVATE PARTNERSHIPS | ||
| 650 | _aHIGHWAYS AGENCY | ||
| 690 | _aTRANSPORT AND COMMUNICATIONS | ||
| 942 | _n0 | ||
| 999 |
_c65144 _d65144 |
||